[Event "Euskadi-chT"]
[Site "Bergara"]
[Date "2010.03.06"]
[Round "8.2"]
[White "Ros Eskisabel, Jose Ramon"]
[Black "Olmo Vega, Diego"]
[Result "1/2-1/2"]
[WhiteElo "2143"]
[BlackElo "2025"]
[PlyCount "75"]
[EventDate "2010.01.09"]
[EventType "team-tourn"]
[EventRounds "9"]
[EventCountry "ESP"]
[SourceTitle "EXT 2011"]
[Source "ChessBase"]
[SourceDate "2010.11.26"]
[SourceVersion "1"]
[SourceVersionDate "2010.11.26"]
[SourceQuality "1"]

1. e4 c5 2. Nc3 Nc6 3. f4 g6 4. Nf3 Bg7 5. Bb5 Nd4 6. 0-0 Nxb5 7. Nxb5 Nf6 8. Nc3 d6 9. d3 0-0 10. Qe1 a6 11. Qh4 b5 12. f5 gxf5 13. Bh6 Bxh6 14. Qxh6 Ng4 15. Qg5+ Kh8 16. exf5 Rg8 17. Qf4 f6 18. Rae1 Bb7 19. Ne4 Ne5 20. Kh1 Rg4 21. Qh6 Bxe4 22. Rxe4 Rxe4 23. dxe4 Nxf3 24. Rxf3 Qa5 25. Qc1 Qxa2 26. Rb3 Qa4 27. Qe1 Rg8 28. h3 b4 29. Qe2 Qc6 30. Qc4 Rg7 31. Rxb4 Rg8 32. Ra4 Qb5 33. b3 Qxc4 34. Rxc4 Rb8 35. Kg1 a5 36. Kf2 Rb4 37. Rxb4 axb4 38. Kf3 1/2-1/2

[Event "Euskadi-chT"]
[Site "Bergara"]
[Date "2010.02.20"]
[Round "6.3"]
[White "Arnold Perier, Felipe"]
[Black "Olmo Vega, Diego"]
[Result "1-0"]
[WhiteElo "2148"]
[BlackElo "2025"]
[PlyCount "81"]
[EventDate "2010.01.09"]
[EventType "team-tourn"]
[EventRounds "9"]
[EventCountry "ESP"]
[SourceTitle "EXT 2011"]
[Source "ChessBase"]
[SourceDate "2010.11.26"]
[SourceVersion "1"]
[SourceVersionDate "2010.11.26"]
[SourceQuality "1"]

1. d4 Nf6 2. Bg5 Ne4 3. Bf4 c5 4. f3 Qa5+ 5. c3 Nf6 6. Nd2 cxd4 7. Nb3 Qb6 8. Qxd4 Nc6 9. Qxb6 axb6 10. Nd4 Nxd4 11. cxd4 d6 12. Rc1 Bd7 13. a3 Bb5 14. Nh3 h6 15. e4 Bxf1 16. Rxf1 g5 17. Be3 Kd7 18. d5 b5 19. Bb6 Ne8 20. Bd4 Bg7 21. Bxg7 Nxg7 22. Kd2 Rhc8 23. Nf2 Ra4 24. Rxc8 Kxc8 25. h4 Kd7 26. Rh1 f6 27. hxg5 hxg5 28. Rh7 Ne8 29. Ng4 f5 30. exf5 Rf4 31. Ne3 Nf6 32. Rg7 g4 33. fxg4 Ne4+ 34. Ke1 Ke8 35. Rg8+ Kf7 36. Rb8 Nc5 37. g5 Re4 38. Ke2 Kg7 39. b4 Nb3 40. Rxb7 Kf8 41. g4 1-0

[Event "Gipuzkoa-ch"]
[Site "Zarautz"]
[Date "2009.11.21"]
[Round "5"]
[White "Tejedor Txapartegi, Nabar"]
[Black "Olmo Vega, Diego"]
[Result "0-1"]
[WhiteElo "2044"]
[BlackElo "2010"]
[PlyCount "68"]
[EventDate "2009.10.24"]
[EventType "swiss"]
[EventRounds "7"]
[EventCountry "ESP"]
[SourceTitle "EXT 2012"]
[Source "ChessBase"]
[SourceDate "2011.11.24"]
[SourceVersion "1"]
[SourceVersionDate "2011.11.24"]
[SourceQuality "1"]

1. e4 c5 2. Nf3 Nc6 3. d4 cxd4 4. Nxd4 Nf6 5. Nc3 e5 6. Ndb5 d6 7. Nd5 Nxd5 8. exd5 Nb8 9. Qf3 a6 10. Qa3 Be7 11. Bd2 0-0 12. Bb4 Qd7 13. Nxd6 Bxd6 14. Bxd6 Rd8 15. Bxb8 Qxd5 16. Bd3 Qxg2 17. 0-0-0 Qg5+ 18. Kb1 Rxb8 19. Rhg1 Qf6 20. Qc3 Bf5 21. Bxf5 Qxf5 22. Qa5 Re8 23. Rd2 Qf6 24. Rgd1 g6 25. a3 Qh4 26. f3 Qf4 27. Qc3 b5 28. Qb3 Rf8 29. Rd7 Qxh2 30. Ra7 Rb6 31. Rdd7 Rf6 32. Qd5 h5 33. Rd8 Qg1+ 34. Ka2 Qxa7 0-1

[Event "Gipuzkoa-ch"]
[Site "Zarautz"]
[Date "2009.11.14"]
[Round "4"]
[White "Olmo Vega, Diego"]
[Black "Alcaide Luque, Aitor"]
[Result "1/2-1/2"]
[WhiteElo "2010"]
[BlackElo "2119"]
[PlyCount "46"]
[EventDate "2009.10.24"]
[EventType "swiss"]
[EventRounds "7"]
[EventCountry "ESP"]
[SourceTitle "EXT 2012"]
[Source "ChessBase"]
[SourceDate "2011.11.24"]
[SourceVersion "1"]
[SourceVersionDate "2011.11.24"]
[SourceQuality "1"]

1. e4 e6 2. d4 d5 3. Nc3 h6 4. Bd3 Nc6 5. Nf3 Nb4 6. exd5 exd5 7. 0-0 Nxd3 8. Qxd3 Be7 9. Bf4 c6 10. Rfe1 Nf6 11. Ne5 0-0 12. Re2 Be6 13. Rae1 Bb4 14. a3 Bxc3 15. Qxc3 Ne4 16. Qb3 Qf6 17. Bg3 Rab8 18. c3 h5 19. Nf3 Nxg3 20. hxg3 Rfc8 21. Qa4 a6 22. Ne5 Bf5 23. Qd1 h4 1/2-1/2

[Event "San Sebastian Nagusia op"]
[Site "San Sebastian"]
[Date "2008.11.29"]
[Round "6"]
[White "Olmo Vega, Diego"]
[Black "Alcaide Luque, Aitor"]
[Result "1-0"]
[WhiteElo "1977"]
[BlackElo "2144"]
[PlyCount "47"]
[EventDate "2008.10.25"]
[EventType "swiss"]
[EventRounds "7"]
[EventCountry "ESP"]
[SourceTitle "EXT 2011"]
[Source "ChessBase"]
[SourceDate "2010.11.26"]
[SourceVersion "1"]
[SourceVersionDate "2010.11.26"]
[SourceQuality "1"]

1. e4 e6 2. d4 d5 3. Nc3 Bb4 4. e5 c5 5. a3 Bxc3+ 6. bxc3 Qc7 7. Nf3 b6 8. a4 Ba6 9. Bxa6 Nxa6 10. Qd3 Nb8 11. 0-0 Ne7 12. Ba3 Nd7 13. Nd2 Rc8 14. c4 0-0 15. f4 f5 16. exf6 Rxf6 17. g3 Kh8 18. Nf3 Nf5 19. cxd5 exd5 20. Rfe1 cxd4 21. Nxd4 Nc5 22. Bxc5 Qxc5 23. c3 Qxc3 24. Qxc3 1-0

[Event "ESP-ch U18"]
[Site "Padron"]
[Date "2008.07.28"]
[Round "3"]
[White "Olmo Vega, Diego"]
[Black "Sousa Barreiro, Bieito"]
[Result "1-0"]
[WhiteElo "1978"]
[BlackElo "1587"]
[PlyCount "57"]
[EventDate "2008.07.27"]
[EventType "swiss"]
[EventRounds "9"]
[EventCountry "ESP"]
[SourceTitle "CBM 125 Extra"]
[Source "ChessBase"]
[SourceDate "2008.09.01"]
[SourceVersion "1"]
[SourceVersionDate "2008.09.01"]
[SourceQuality "1"]

1. e4 g6 2. d4 d6 3. Nc3 Bg7 4. f4 Nf6 5. Nf3 0-0 6. Bd3 a5 7. 0-0 c6 8. Qe2 b5 9. e5 Ne8 10. Be3 f5 11. exf6 Nxf6 12. Rae1 b4 13. Ne4 Nd5 14. Bc4 Ba6 15. Neg5 Qd7 16. Bc1 Re8 17. Ne6 Kh8 18. Bxa6 Nxa6 19. f5 gxf5 20. Nfg5 Nf6 21. Rxf5 Nc7 22. Qd3 Nxe6 23. Rxe6 h6 24. Rfxf6 hxg5 25. Rh6+ Kg8 26. Qh7+ Kf7 27. Qg6+ Kf8 28. Rh7 Bxd4+ 29. Kh1 1-0

[Event "ESP-ch U18"]
[Site "Padron"]
[Date "2008.07.27"]
[Round "2"]
[White "Marin Benito, Carla"]
[Black "Olmo Vega, Diego"]
[Result "0-1"]
[WhiteElo "1785"]
[BlackElo "1978"]
[PlyCount "109"]
[EventDate "2008.07.27"]
[EventType "swiss"]
[EventRounds "9"]
[EventCountry "ESP"]
[SourceTitle "CBM 125 Extra"]
[Source "ChessBase"]
[SourceDate "2008.09.01"]
[SourceVersion "1"]
[SourceVersionDate "2008.09.01"]
[SourceQuality "1"]

1. e4 c5 2. Nc3 e6 3. g3 d5 4. d3 Nf6 5. Bg2 Be7 6. Nge2 0-0 7. 0-0 Nc6 8. h3 d4 9. Nb1 b6 10. f4 Bb7 11. g4 Qc7 12. Kh1 Rfd8 13. Rg1 b5 14. Nd2 Nd7 15. Qf1 Nb4 16. Qd1 Nb6 17. Nf3 Rac8 18. Bd2 Nc6 19. Be1 c4 20. Bf2 Bc5 21. f5 e5 22. g5 f6 23. Bh4 Be7 24. Qd2 Kh8 25. gxf6 gxf6 26. Qh6 Nd7 27. Ng3 Rg8 28. Nh5 Qd8 29. Nh2 Qf8 30. Qd2 cxd3 31. Bf3 Rxg1+ 32. Rxg1 dxc2 33. Qxc2 Nb4 34. Qb3 Rc4 35. Be2 Bxe4+ 36. Bf3 Bxf5 37. a3 Nc5 38. Qd1 Nbd3 39. Qd2 Bg6 40. Bd5 Bxh5 41. Rg8+ Qxg8 42. Bxg8 Rc1+ 43. Kg2 Kxg8 44. b4 Ne1+ 45. Bxe1 Rd1 46. Qa2+ Bf7 47. Qf2 Bd5+ 48. Kf1 Nd3 49. Qg3+ Kh8 50. Nf3 Bxf3 51. Qxf3 Rxe1+ 52. Kg2 Nf4+ 53. Kf2 Re2+ 54. Kg1 d3 55. Qf1 0-1

[Event "Euskadi-ch U18"]
[Site "Eibar"]
[Date "2008.03.28"]
[Round "5"]
[White "Fernandez Zubitur, Jokin"]
[Black "Olmo Vega, Diego"]
[Result "0-1"]
[WhiteElo "1666"]
[BlackElo "1948"]
[PlyCount "112"]
[EventDate "2008.03.25"]
[EventType "swiss"]
[EventRounds "6"]
[EventCountry "ESP"]
[SourceTitle "EXT 2024"]
[Source "ChessBase"]
[SourceDate "2023.10.10"]
[SourceVersion "1"]
[SourceVersionDate "2023.10.10"]
[SourceQuality "1"]

1. e4 c5 2. Nc3 Nc6 3. g3 g6 4. d3 Bg7 5. Bg2 d6 6. f4 e6 7. Nf3 Nge7 8. Be3 Nd4 9. 0-0 0-0 10. Bf2 Rb8 11. Rb1 Nec6 12. Ne2 b6 13. c3 Nxf3+ 14. Bxf3 Bb7 15. Bg2 Qd7 16. d4 cxd4 17. cxd4 Ne7 18. Qd2 d5 19. e5 Rfc8 20. Rfc1 Ba6 21. Nc3 Rc7 22. Rc2 Rbc8 23. Rbc1 Nc6 24. Nd1 Bf8 25. Bf1 Bxf1 26. Kxf1 Nb4 27. Rxc7 Rxc7 28. Rxc7 Qxc7 29. a3 Qc4+ 30. Kg2 Nc6 31. Qc3 Na5 32. Kf3 Qxc3+ 33. Nxc3 Nc4 34. Nd1 Be7 35. g4 Kf8 36. h4 Ke8 37. f5 Kd7 38. f6 Bf8 39. Ke2 Kc6 40. Kd3 Kb5 41. Kc3 a5 42. Be1 a4 43. Kc2 Ka6 44. Kd3 b5 45. Kc2 h5 46. g5 Na5 47. Nf2 Nc6 48. Bc3 b4 49. axb4 Nxb4+ 50. Kd2 Kb5 51. Nd3 Nxd3 52. Kxd3 Bb4 53. Kc2 Kc4 54. Bxb4 Kxb4 55. Kb1 Kb3 56. Kc1 Kc4 0-1

[Event "Gipuzkoako-ch U18"]
[Site "Donostia"]
[Date "2007.12.26"]
[Round "1.2"]
[White "Olmo Vega, Diego"]
[Black "Urrestarazu Garcia, Inigo"]
[Result "1-0"]
[WhiteElo "1929"]
[BlackElo "1663"]
[PlyCount "57"]
[EventDate "2007.12.26"]
[EventType "swiss"]
[EventRounds "5"]
[EventCountry "ESP"]
[SourceTitle "EXT 2024"]
[Source "ChessBase"]
[SourceDate "2023.10.10"]
[SourceVersion "1"]
[SourceVersionDate "2023.10.10"]
[SourceQuality "1"]

1. e4 c5 2. Nf3 d6 3. d4 cxd4 4. Nxd4 Nf6 5. Nc3 g6 6. Be3 Bg7 7. f3 0-0 8. Qd2 Nc6 9. Bc4 Bd7 10. 0-0-0 Rc8 11. Bb3 Ne5 12. h4 h5 13. Bg5 Nc4 14. Qe2 Na5 15. g4 Nxb3+ 16. axb3 hxg4 17. f4 Qa5 18. Kb1 Rxc3 19. bxc3 Qxc3 20. Bxf6 Bxf6 21. e5 dxe5 22. fxe5 Bg7 23. h5 Be6 24. hxg6 Rd8 25. gxf7+ Bxf7 26. Qxg4 Kf8 27. Ne6+ Bxe6 28. Rxd8+ Kf7 29. Qh5# 1-0